| 000 | 01523cam a22004217a 4500 | ||
|---|---|---|---|
| 003 | CHAP | ||
| 005 | 20220329135617.0 | ||
| 008 | 971013s1995 r 00010 d | ||
| 010 | _a39256 | ||
| 011 | _a40228 | ||
| 035 | _a44353 | ||
| 040 | _cCHAP | ||
| 090 | _aTesis | ||
| 100 | 0 | 0 |
_aMadrigal Huendo, Salvador. _969731 |
| 245 | 0 | _aDeterminación de la productividad de dos especies de pino considerando características físicas y químicas del suelo, en Michoacán | |
| 260 |
_aChapingo, Méx. : _bEl autor, _c1995 |
||
| 300 | _a115 h. | ||
| 502 | _aTesis (M.C. Forestales) UACH. -- División de Ciencias Forestales | ||
| 590 |
_aALEPH _b10 _c20130110 _lUCH01 _h1307 |
||
| 590 |
_aBATCH-UPD _b10 _c20130110 _lUCH01 _h0205 |
||
| 590 |
_aBATCH-UPD _b10 _c20130110 _lUCH01 _h1522 |
||
| 590 |
_aBATCH-UPD _b10 _c20130409 _lUCH01 _h2217 |
||
| 590 |
_aBATCH-UPD _b10 _c20130410 _lUCH01 _h0933 |
||
| 590 |
_aBATCH-UPD _b10 _c20130914 _lUCH01 _h1631 |
||
| 590 |
_aCONVERSION _b10 _c20130109 _lUCH01 _h1322 |
||
| 650 | 1 | 4 |
_aIndices de localidad. _957571 |
| 650 | 1 | 4 |
_aPináceas _xCrecimiento. _988225 |
| 650 | 1 | 4 |
_aPináceas _xMichoacán. _988250 |
| 650 | 1 | 4 |
_aPinus douglasiana. _988331 |
| 650 | 1 | 4 |
_aPinus lawsonii. _988345 |
| 650 | 1 | 4 |
_aSuelos forestales. _9110548 |
| 650 | 1 | 4 |
_aSuelos _xMichoacán. _9110433 |
| 901 | _aBK | ||
| 942 | _cFOLL | ||
| 949 |
_bBC _cTES _d-101628 _eTS1 _h27547 _i44353 _si |
||
| 949 |
_bBC _cTES _d33724000633491 _eTS2 _fc.3 _h31068 _i44353 _sb |
||
| 949 |
_bBC _cTES _d33724000688941 _eTS2 _fc.2 _h27548 _i44353 _sb |
||
| 999 |
_c39256 _d39256 |
||